Legal Analysis and Background on the EPA's Proposed Rules for Regulating Mercury Emissions from Electric Utilities.

Examines EPA proposed rules for regulating mercury emissions from electric utilities. Discusses rulemaking background and regulation of electric utilities under the Clean Air Act (CAA) and provides a legal analysis of EPA authority to regulate electric utilities under the CAA, EPA discretion to revi...

Full description

Bibliographic Details
Corporate Authors: Library of Congress. Congressional Research Service, ProQuest (Firm)
Format: eBook
Language:English
Published: [Place of publication not identified] : [publisher not identified], 2004.
Series:U.S. Congressional Research.
Subjects:
Online Access:Connect to the full text of this electronic book

MARC

Tag First Indicator Second Indicator Subfields
LEADER 00000cam a22000001a 4500
001 in00003296366
006 m d f
007 cr bn mmmapmmp
008 101101s2004 dcu o f000 0 eng d
005 20260429201047.1
035 |a cis2007843124 
040 |a ProQuest  |c ProQuest  |d UtOrBLW 
043 |a n-us--- 
099 |a CRS-2004-AML-0165 
110 2 |a Library of Congress.  |b Congressional Research Service. 
245 1 0 |a Legal Analysis and Background on the EPA's Proposed Rules for Regulating Mercury Emissions from Electric Utilities. 
264 1 |a [Place of publication not identified] :  |b [publisher not identified],  |c 2004. 
300 |a 1 online resource. 
336 |a text  |b txt  |2 rdacontent 
337 |a computer  |b c  |2 rdamedia 
338 |a online resource  |b cr  |2 rdacarrier 
500 |a Record is based on bibliographic data in ProQuest U.S. Congressional Research Digital Collection (last viewed Nov. 2010). Reuse except for individual research requires license from ProQuest, LLC. 
500 |a CRS Report. 
520 |a Examines EPA proposed rules for regulating mercury emissions from electric utilities. Discusses rulemaking background and regulation of electric utilities under the Clean Air Act (CAA) and provides a legal analysis of EPA authority to regulate electric utilities under the CAA, EPA discretion to revise previous regulatory findings and institute a "cap-and-trade program," and implications of a 1998 settlement agreement for EPA efforts to regulate electric utilities. 
500 |a Electronic resource. 
650 0 |a Air  |x Pollution. 
650 0 |a Electric utilities. 
650 0 |a Environmental law. 
655 7 |a Electronic books.  |2 local 
710 2 |a ProQuest (Firm) 
776 0 8 |i Microfiche version:   |a Library of Congress. Congressional Research Service.  |t Legal Analysis and Background on the EPA's Proposed Rules for Regulating Mercury Emissions from Electric Utilities 
830 0 |a U.S. Congressional Research. 
856 4 0 |u http://proxy.library.tamu.edu/login?url=https://congressional.proquest.com/congcomp/getdoc?CRDC-ID=CRS-2004-AML-0165  |z Connect to the full text of this electronic book  |t 0 
999 |a MARS 
999 f f |s 10ebb1dc-2ab2-3be0-b27f-2a5a83ce3257  |i 2a2a1dd0-6942-32ca-965a-e3591ce22a3f  |t 0 
952 f f |a Texas A&M University  |b College Station  |c Electronic Resources  |s www_evans  |d Available Online  |t 0  |e CRS-2004-AML-0165  |h Other scheme 
998 f f |a CRS-2004-AML-0165  |t 0  |l Available Online